<?xml version="1.0" encoding="UTF-8"?>
<record
    xmlns:xsi="http://www.w3.org/2001/XMLSchema-instance"
    xsi:schemaLocation="http://www.loc.gov/MARC21/slim http://www.loc.gov/standards/marcxml/schema/MARC21slim.xsd"
    xmlns="http://www.loc.gov/MARC21/slim">

  <leader>01395nas a2200217 i 4500</leader>
  <controlfield tag="001">768714001</controlfield>
  <controlfield tag="003">CO-MdFUSB</controlfield>
  <controlfield tag="005">20240826082419.0</controlfield>
  <controlfield tag="008">220909t1994    ck ||||| |||| 00| 0 spa d</controlfield>
  <datafield tag="022" ind1=" " ind2=" ">
    <subfield code="a">01200828</subfield>
  </datafield>
  <datafield tag="040" ind1=" " ind2=" ">
    <subfield code="b">spa</subfield>
    <subfield code="c">CO-MdFUSB</subfield>
    <subfield code="d">CO-MdFUSB</subfield>
  </datafield>
  <datafield tag="041" ind1=" " ind2=" ">
    <subfield code="a">spa</subfield>
  </datafield>
  <datafield tag="100" ind1=" " ind2=" ">
    <subfield code="a">Usme S&#xE1;nchez, Jos&#xE9; Duvier, </subfield>
    <subfield code="e">autor</subfield>
  </datafield>
  <datafield tag="245" ind1="1" ind2="4">
    <subfield code="a">Los Indios Koreguaje :</subfield>
    <subfield code="b">impacto de la bonanza de la coca en su cultura.</subfield>
    <subfield code="c">/ Jos&#xE9; Duvier Usme S&#xE1;nchez , Ana Leticia Hoyos Salazar</subfield>
  </datafield>
  <datafield tag="520" ind1=" " ind2=" ">
    <subfield code="a">La parte central empieza planteando un an&#xE1;lisis a partir de la nueva significaci&#xF3;n del uso de la coca como objeto que representa un valor monetario. El an&#xE1;lisis de la cultura Koreguaje en la actualidad y de los cambios que ha sufrido por el impacto de la bonanza coquera, se tratan por segmentos culturales del sistema econ&#xF3;mico, la estructura social y el sistema ideol&#xF3;gico.
Finalmente, tratamos de resumir los principales resultados y de facilitar algunas recomendaciones generales para superar la crisis actual que viven los ind&#xED;genas Koreguaje, como consecuencia de una inesperada bonanza coquera.</subfield>
  </datafield>
  <datafield tag="650" ind1=" " ind2="7">
    <subfield code="9">6714</subfield>
    <subfield code="a">Antropolog&#xED;a cultural y social</subfield>
  </datafield>
  <datafield tag="700" ind1=" " ind2=" ">
    <subfield code="a">Hoyos Salazar, Ana Leticia,</subfield>
    <subfield code="e">autor</subfield>
  </datafield>
  <datafield tag="773" ind1="0" ind2=" ">
    <subfield code="0">49438</subfield>
    <subfield code="9">81257</subfield>
    <subfield code="d">Centro Antropol&#xF3;gico Colombiano</subfield>
    <subfield code="o">R1693</subfield>
    <subfield code="t">Ethnia</subfield>
    <subfield code="w">(CO-MdFUSB)768714001</subfield>
    <subfield code="g">Volumen 74, (octubre, 1994), p&#xE1;ginas: 6 - 95</subfield>
    <subfield code="q">p&#xE1;gina: 6</subfield>
  </datafield>
  <datafield tag="942" ind1=" " ind2=" ">
    <subfield code="c">ANA</subfield>
  </datafield>
  <datafield tag="945" ind1=" " ind2=" ">
    <subfield code="a">AF</subfield>
  </datafield>
  <datafield tag="999" ind1=" " ind2=" ">
    <subfield code="c">68132</subfield>
    <subfield code="d">68132</subfield>
  </datafield>
</record>
